Normal view
MARC view
- Krishna, K S
Entry Personal Name
001 - CONTROL NUMBER
- control field: 6014
003 - CONTROL NUMBER IDENTIFIER
- control field: OSt
005 - DATE AND TIME OF LATEST TRANSACTION
- control field: 20240213152250.0
008 - FIXED-LENGTH DATA ELEMENTS
- fixed length control field: 240213|| aca||aabn | a|a d
040 ## - CATALOGING SOURCE
- Original cataloging agency: OSt
- Transcribing agency: OSt
100 ## - HEADING--PERSONAL NAME
- Personal name: Krishna, K S
670 ## - SOURCE DATA FOUND
- Source citation: Work cat.: (OSt)10074: Parikh, J C . 6013, Drug addiction: A psycho-social study of youth / , 1992.
